Statistiques concernant Top 50 de l'Année 1982

Cliquez ici pour prendre le quiz!

Statistiques générales

  • Ce quiz a été pris 16 fois
  • Le résultat moyen est 10 sur 50

Statistiques - réponses

ArtistesChansons% Correct
30PHILIPPE LAVILIl tape sur des bambous
60%
2F.R. DAVIDWords
60%
8KIM WILDECambodia
53%
1CHAGRIN D'AMOURChacun fait c'qui lui plait
53%
29HERVE CRISTIANIIl est libre Max
53%
39CHARLELIE COUTUREComme un avion sans aile
47%
3IMAGINATIONJust an illusion
47%
16OLIVIA NEWTON-JOHNPhysical
40%
35JEAN-JACQUES GOLDMANQuand la musique est bonne
40%
14FALCODer kommissar
33%
32PHILIPPE TIMSITHenri, Porte des lilas
33%
47CAPTAIN SENSIBLEWot
33%
17HUMAN LEAGUEDon't you want me
27%
21SECRET SERVICEFlash in the night
27%
4THIERRY PASTORLe coup de folie
27%
33GERARD BERLINERLouise
27%
23TELEPHONEÇa c'est vraiment toi
20%
9YAZOODon't go
20%
37THE ALAN PARSONS PROJECTEye in the sky
20%
15JEAN-LUC LAHAYEFemme que j'aime
20%
20JEAN-JACQUES GOLDMANIl suffira d'un signe
20%
24SUPERTRAMPIt's raining again
20%
38EDDY MITCHELLLe cimetière des éléphants
20%
6EARTH, WIND & FIRELet's groove
20%
28GERARD BLANCHARDRock amadour
20%
27STEVE MILLER BANDAbracadabra
13%
22MICHEL SARDOUAfrique adieu
13%
13BOYS TOWN GANGCan't take my eyes off you
13%
25TRIODa da da (ich lieb dich nicht du liebst mich nicht)
13%
36PAUL McCARTNEY & STEVIE WONDEREbony and ivory
13%
5MEL BROOKSIt's good to be the king
13%
50ELEGANCEVacances, j'oublie tout
13%
12MEN AT WORKWho can it be now
13%
48POP CONCERTO ORCHESTRAEden is a magic world
7%
41JULIEN CLERCFemmes... je vous aime
7%
44SHEENA EASTONFor your eyes only
7%
10QUARTERFLASHHarden my heart
7%
40THE PRETENDERSI go to sleep
7%
26FRIDAI know there's something going on
7%
11PH.D.I won't let you down
7%
49ROXY MUSICMore than this
7%
19CHERIMurphy's law
7%
18IMAGINATIONMusic and lights
7%
7DAVID CHRISTIESaddle up
7%
46FRANCE GALLTout pour la musique
7%
42DANIEL BALAVOINEVivre ou survivre
7%
43FOREIGNERWaiting for a girl like you
7%
45LUCIO DALLACosa Sara
0%
34SANTANAHold on
0%
31DIRE STRAITSPrivate investigations
0%

Distribution des résultats

Percentile par nombre de réponses

% des personnes avec chaque résultat

Votre développement - résultats

Vous n’avez pas pris ce quiz